000 00519nam a22001937a 4500
003 KOHA_MİRAKIL
005 20251221173134.0
008 251221b tu ||||| |||| 00| 0 tur d
020 _a9786059427678
040 _aTR-AnABB
_btur
_cTR-AnABB
041 _atur
082 _a306.2
_bTAS 2017
100 1 _aAlver, Köksal,
245 1 0 _aTaşra Halleri /
_cKöksal Alver
260 _aKonya :
_bÇizgi Yayınevi,
_c2017
300 _a352 sayfa ;
_c21 cm
650 0 4 _aSiyaset sosyolojisi
942 _2ddc
_cBK
999 _c9888
_d9888
900 _bGizem YORULMAZ